000 00525nam a2200193 i 4500
001 78067
003 ES-MaACL
007 t|
008 041011q1953 sp ||||1| spa d
100 1 _aHarris, Percy W.
_961919
245 1 4 _aLas cámaras miniaturas /
_cPercy W. Harris.
250 _a1ª ed.
260 _aBarcelona :
_bOmega,
_c[1953?]
300 _a66 p., 8 lám. :
_bil. ;
_c16 cm.
490 1 _aFoto biblioteca
830 0 _aFoto biblioteca
_9181378
852 _aES-MaACL
_jC-8558
_bR.35763
999 _c78067
_d78067